Monument à la bonne civilisation ancienne par image - Click Quiz - Statistiques

Statistiques générales
  • Ce quiz a été pris 1 594 fois
  • Le résultat moyen est 9 sur 18
Statistiques - réponses
Hint Réponse % Correct
Egypte
99%
Chine
88%
Grèce
88%
Inca
83%
Rome
74%
Maya
64%
Khmer
63%
Maori
59%
Mali
45%
Birmanie
38%
Nubie
33%
Olmèque
33%
Inde
32%
Nabatéens
29%
Babylone
28%
Perse
28%
Hittite
22%
Sumer
21%
Aucun quiz correspondant
Distribution des résultats
% des personnes avec chaque résultat
Percentile par nombre de réponses
Votre historique - résultats
Vous n’avez pas pris ce quiz